| 000 | 00646nam a22002417a 4500 | ||
|---|---|---|---|
| 005 | 20260219172147.0 | ||
| 008 | 160808b1998 xxu||||| |||| 00| 0 spa d | ||
| 041 | _aESP | ||
| 082 | _a001.42 B234c | ||
| 100 | _aBarbería, María Emma | ||
| 245 | _aCómo hacer una monografía | ||
| 260 | _aArgentina | ||
| 260 | _bValletta Ediciones | ||
| 260 | _c1998 | ||
| 300 | _a104 páginas | ||
| 490 | _aTemática General | ||
| 650 | _aMETODOLOGÍA DE LA INVESTIGACIÓN | ||
| 650 | _aETAPAS DE LA INVESTIGACIÓN | ||
| 650 | _aREFERENCIAS BIBLIOGRÁFICAS | ||
| 650 | _aREDACCIÓN DEL INFORME | ||
| 650 | _aPLAN DE TRABAJO | ||
| 942 |
_cBK _2ddc |
||
| 999 |
_c8340 _d8340 |
||